[Event "ENCI Limburg-open B"]
[Site "Maastricht"]
[Date "2012.05.27"]
[Round "4"]
[White "Van der Velde, Wytse"]
[Black "Peter, Laurenz"]
[Result "1-0"]
[WhiteElo "1934"]
[BlackElo "1880"]
[PlyCount "52"]
[EventDate "2012.05.25"]
[EventType "swiss"]
[EventRounds "7"]
[EventCountry "NED"]
[Source "P.Boonen"]
[SourceDate "2013.01.01"]

1. e4 c5 2. Nf3 e6 3. d4 cxd4 4. Nxd4 a6 5. Bd3 Nf6 6. O-O Qc7 7. f4 Nc6 8. c3
Bc5 9. Be3 h5 10. Kh1 Qb6 11. Qb3 Ng4 12. Bg1 d6 13. Nd2 Bd7 14. Nc4 Qc7 15. a4
Ne7 16. a5 Rd8 17. Qc2 d5 18. Nb6 Nc6 19. exd5 Nxd4 20. cxd4 Bxb6 21. axb6 Qd6
22. dxe6 Bxe6 23. f5 Bd5 24. Rae1+ Kd7 25. Be4 Rc8 26. Qa4+ Qc6 {.....} 1-0

[Event "ENCI Limburg-open B"]
[Site "Maastricht"]
[Date "2012.05.27"]
[Round "4"]
[White "Willen, Ronny"]
[Black "Esser, Thomas"]
[Result "0-1"]
[WhiteElo "1876"]
[BlackElo "1985"]
[PlyCount "72"]
[EventDate "2012.05.25"]
[EventType "swiss"]
[EventRounds "7"]
[EventCountry "NED"]
[Source "P.Boonen"]
[SourceDate "2013.01.01"]

1. e4 c5 2. Nf3 Nc6 3. d4 cxd4 4. Nxd4 Nf6 5. Nc3 e6 6. Ndb5 Bb4 7. a3 Bxc3+ 8.
Nxc3 d5 9. exd5 exd5 10. Bd3 O-O 11. O-O d4 12. Ne4 Bf5 13. Bg5 Bxe4 14. Bxe4
h6 15. Bxf6 Qxf6 16. Qd2 Rfe8 17. Rfe1 Rad8 18. Re2 d3 19. Bxd3 Rxe2 20. Qxe2
Qxb2 21. Re1 Qxa3 22. Qe4 g6 23. Qf4 Qb4 24. Qe3 Kg7 25. h3 Qd4 26. Qg3 Rd5 27.
Re4 Qa1+ 28. Kh2 Re5 29. f4 Rxe4 30. Bxe4 Qd4 31. Qf3 Qd6 32. Qf2 a5 33. c4 Qd4
34. Qxd4+ Nxd4 35. Bxb7 Ne6 36. Kg3 Nc5 0-1

[Event "ENCI Limburg-open B"]
[Site "Maastricht"]
[Date "2012.05.27"]
[Round "5"]
[White "Bex, Lennert"]
[Black "Koelmans, Jan Willem"]
[Result "1-0"]
[WhiteElo "1739"]
[BlackElo "2027"]
[PlyCount "107"]
[EventDate "2012.05.25"]
[EventType "swiss"]
[EventRounds "7"]
[EventCountry "NED"]
[Source "P.Boonen"]
[SourceDate "2013.01.01"]

1. c4 e5 2. g3 Nf6 3. Bg2 Nc6 4. d3 d5 5. Nc3 dxc4 6. dxc4 Qxd1+ 7. Kxd1 Bd7 8.
Bg5 O-O-O 9. Bxf6 gxf6 10. Nd5 Be6 11. e4 Nd4 12. Kc1 c6 13. Ne3 Bh6 14. b3 f5
15. Kb2 fxe4 16. Bxe4 f5 17. Bg2 Bg7 18. Rd1 f4 19. Nf1 e4 20. Kb1 f3 21. Bh3
Bxh3 22. Nxh3 Ne2 23. Kc2 Rxd1 24. Kxd1 Rd8+ 25. Kc2 Bh6 26. Ng1 Rd3 27. Nxe2
fxe2 28. Ne3 Bxe3 29. fxe3 Rxe3 30. Kd2 Rd3+ 31. Kxe2 Rc3 32. Rd1 b5 33. cxb5
cxb5 34. Rd5 Rc2+ 35. Rd2 Rc3 36. Kd1 Kc7 37. Rc2 Rxc2 38. Kxc2 Kd6 39. Kd2 Kd5
40. Ke3 a5 41. h4 a4 42. g4 axb3 43. axb3 Kc5 44. g5 Kd5 45. h5 Ke5 46. g6 hxg6
47. hxg6 Kf6 48. Kxe4 Kxg6 49. Kd5 Kf7 50. Kc5 Ke7 51. Kxb5 Kd7 52. Ka6 Kc7 53.
b4 Kb8 54. b5 1-0

[Event "ENCI Limburg-open B"]
[Site "Maastricht"]
[Date "2012.05.27"]
[Round "5"]
[White "Bos, Robin"]
[Black "Weber, Bernhard1"]
[Result "1-0"]
[WhiteElo "1878"]
[BlackElo "1765"]
[PlyCount "57"]
[EventDate "2012.05.25"]
[EventType "swiss"]
[EventRounds "7"]
[EventCountry "NED"]
[Source "P.Boonen"]
[SourceDate "2013.01.01"]

1. e4 e6 2. d3 d5 3. Nd2 Nf6 4. g3 c5 5. Bg2 Nc6 6. f4 Be7 7. Ngf3 b5 8. O-O
Qb6 9. h3 Bb7 10. Kh2 O-O 11. b3 Rad8 12. Qe2 dxe4 13. dxe4 Nd4 14. Nxd4 Rxd4
15. Bb2 Rd7 16. g4 Rc8 17. g5 Ne8 18. Nf3 c4 19. Ne5 Rdc7 20. bxc4 bxc4 21. Bc3
f6 22. gxf6 gxf6 23. Rab1 Qa6 24. Ng4 f5 25. exf5 exf5 26. Bxb7 Rxb7 27. Rxb7
Qxb7 28. Qe6+ Kf8 29. Ne5 1-0

[Event "ENCI Limburg-open B"]
[Site "Maastricht"]
[Date "2012.05.27"]
[Round "5"]
[White "Broekhuis, Jan"]
[Black "Bauchmueller, Franz Josef"]
[Result "1-0"]
[WhiteElo "1880"]
[BlackElo "1841"]
[PlyCount "91"]
[EventDate "2012.05.25"]
[EventType "swiss"]
[EventRounds "7"]
[EventCountry "NED"]
[Source "P.Boonen"]
[SourceDate "2013.01.01"]

1. e4 e5 2. Nf3 Nc6 3. Bb5 Nd4 4. Nxd4 exd4 5. Be2 d5 6. exd5 Qxd5 7. Bf3 Qe5+
8. Qe2 Bd6 9. Qxe5+ Bxe5 10. d3 Nf6 11. O-O O-O 12. h3 c6 13. Nd2 Be6 14. Re1
Bd6 15. Nb3 Bxb3 16. axb3 a6 17. Bg5 Bb4 18. Re2 Nd5 19. Bxd5 cxd5 20. Bd2 Bxd2
21. Rxd2 Rae8 22. Ra4 Re1+ 23. Kh2 Rb1 24. Rxd4 Rxb2 25. Rxd5 Rc8 26. d4 Kf8
27. Rc5 Rxc5 28. dxc5 Ke7 29. Kg3 Ke6 30. Kf3 Ra2 31. Ke3 g5 32. Kd4 f6 33. Kc4
h5 34. Kc3 a5 35. Rd6+ Ke7 36. Rb6 a4 37. Rxb7+ Ke8 38. c6 Kd8 39. Rf7 a3 40.
b4 Rb2 41. Ra7 Rb1 42. Rxa3 Kc7 43. Ra7+ Kxc6 44. Ra6+ Kb5 45. Rxf6 Rxb4 46.
Rb6+ 1-0

[Event "ENCI Limburg-open B"]
[Site "Maastricht"]
[Date "2012.05.27"]
[Round "5"]
[White "Cebula, Jerzy"]
[Black "Schloemer, Armin"]
[Result "0-1"]
[WhiteElo "1993"]
[BlackElo "1881"]
[PlyCount "88"]
[EventDate "2012.05.25"]
[EventType "swiss"]
[EventRounds "7"]
[EventCountry "NED"]
[Source "P.Boonen"]
[SourceDate "2013.01.01"]

1. e4 c5 2. Nf3 e6 3. d4 cxd4 4. Nxd4 a6 5. Nc3 Qc7 6. Be3 Nf6 7. Be2 Be7 8.
O-O O-O 9. Qd2 d6 10. f4 Nbd7 11. Bf3 Rb8 12. a4 b6 13. Rae1 Bb7 14. Kh1 Rbc8
15. f5 e5 16. Nb3 Rfd8 17. Qf2 b5 18. axb5 axb5 19. Rc1 Bc6 20. g4 b4 21. Nd5
Bxd5 22. exd5 e4 23. g5 exf3 24. gxf6 Bxf6 25. Nd4 Ne5 26. b3 Qb7 27. Rfd1 Ng4
28. Qxf3 Nxe3 29. Qxe3 Qxd5+ 30. Kg1 Rc3 31. Qf2 Bg5 32. Ne2 Qe5 33. Kf1 Rh3
34. Ra1 Qxh2 35. Qxh2 Rxh2 36. Ra6 Re8 37. Ng3 Bf4 38. Ne4 Rh1+ 39. Ke2 Rxd1
40. Kxd1 h5 41. Nf2 Bg3 42. Nh3 Re1+ 43. Kd2 Rh1 44. Ng5 Bf4+ 0-1

[Event "ENCI Limburg-open B"]
[Site "Maastricht"]
[Date "2012.05.27"]
[Round "5"]
[White "Coenen, Siegfried"]
[Black "Senders, Mischa"]
[Result "0-1"]
[WhiteElo "1997"]
[BlackElo "1905"]
[PlyCount "96"]
[EventDate "2012.05.25"]
[EventType "swiss"]
[EventRounds "7"]
[EventCountry "NED"]
[Source "P.Boonen"]
[SourceDate "2013.01.01"]

1. e4 c5 2. Nc3 d6 3. Nf3 Nf6 4. d4 cxd4 5. Nxd4 a6 6. Be3 Nbd7 7. f3 e6 8. Qd2
b5 9. O-O-O Bb7 10. g4 Nb6 11. g5 Nfd7 12. a3 Ne5 13. b3 d5 14. Nb1 dxe4 15.
Qf2 Nbd7 16. f4 Ng4 17. Qg3 Nxe3 18. Qxe3 Bc5 19. b4 Bb6 20. Bg2 O-O 21. Bxe4
Qc7 22. Rhf1 e5 23. Bf5 Bxd4 24. Qh3 g6 25. Bxd7 Rad8 26. Bg4 exf4 27. Bf3 Be3+
28. Kb2 Qe5+ 29. c3 Bxf3 30. Qxf3 Qxg5 31. a4 Qh4 32. Qe2 Rfe8 33. Kb3 Qh3 34.
axb5 Qe6+ 35. Qc4 axb5 36. Qxe6 fxe6 37. Na3 Rxd1 38. Rxd1 Rb8 39. Nc2 Bb6 40.
Ne1 Rd8 41. Ra1 e5 42. Nf3 e4 43. Ng5 e3 44. Ne6 f3 45. Nxd8 f2 46. Ra8 Bxd8
47. Rxd8+ Kg7 48. Rd3 f1=Q 0-1

[Event "ENCI Limburg-open B"]
[Site "Maastricht"]
[Date "2012.05.27"]
[Round "5"]
[White "Cornelius, Jorg"]
[Black "Dittmar, Thomas"]
[Result "1-0"]
[WhiteElo "2036"]
[BlackElo "1947"]
[PlyCount "43"]
[EventDate "2012.05.25"]
[EventType "swiss"]
[EventRounds "7"]
[EventCountry "NED"]
[Source "P.Boonen"]
[SourceDate "2013.01.01"]

1. e4 c6 2. d4 d5 3. exd5 cxd5 4. Bd3 Nf6 5. Bf4 Nc6 6. c3 g6 7. Nf3 Bg7 8. O-O
O-O 9. h3 a6 10. Re1 b5 11. Nbd2 b4 12. Ne5 Nxe5 13. Bxe5 bxc3 14. bxc3 Ne8 15.
Bf4 Nd6 16. Nb3 Nb5 17. Qd2 Bd7 18. a4 Nd6 19. Nc5 Nf5 20. Bxa6 Rxa6 21. Nxa6
Nh4 22. Bg5 1-0

[Event "ENCI Limburg-open B"]
[Site "Maastricht"]
[Date "2012.05.27"]
[Round "5"]
[White "Corvers, John"]
[Black "Freer, Robert"]
[Result "1/2-1/2"]
[WhiteElo "1787"]
[BlackElo "1830"]
[PlyCount "85"]
[EventDate "2012.05.25"]
[EventType "swiss"]
[EventRounds "7"]
[EventCountry "NED"]
[Source "P.Boonen"]
[SourceDate "2013.01.01"]

1. d4 d5 2. c4 c6 3. Nc3 Nf6 4. Nf3 e6 5. b3 Nbd7 6. e3 b6 7. Bd3 Bb7 8. O-O
Rc8 9. Qe2 c5 10. cxd5 Nxd5 11. Nxd5 cxd4 12. e4 exd5 13. exd5+ Qe7 14. Re1
Qxe2 15. Rxe2+ Kd8 16. Bc4 f6 17. Nxd4 Ne5 18. Ne6+ Ke8 19. Nxf8 Kxf8 20. Ba3+
Kf7 21. f4 Nxc4 22. Re7+ Kg6 23. bxc4 Ba6 24. f5+ Kxf5 25. Rf1+ Kg6 26. Rf3
Rxc4 27. Rg3+ Kf5 28. Rgxg7 Ra4 29. Bc1 Rc8 30. Bh6 Rh4 31. Rxh7 Re4 32. d6 Rd4
33. h3 Rd1+ 34. Kh2 Rc2 35. d7 Bf1 36. Rhg7 Bb5 37. Kg3 Bc6 38. Rg4 Rxg2+ 39.
Kh4 Rxg4+ 40. hxg4+ Kg6 41. Bf8 Rxd7 42. Rxd7 Bxd7 43. a3 1/2-1/2

[Event "ENCI Limburg-open B"]
[Site "Maastricht"]
[Date "2012.05.27"]
[Round "5"]
[White "Cromsigt, Jeroen"]
[Black "Karstens, Lex"]
[Result "1-0"]
[WhiteElo "1934"]
[BlackElo "1854"]
[PlyCount "87"]
[EventDate "2012.05.25"]
[EventType "swiss"]
[EventRounds "7"]
[EventCountry "NED"]
[Source "P.Boonen"]
[SourceDate "2013.01.01"]

1. e4 c6 2. d4 d5 3. e5 Bf5 4. Nc3 e6 5. g4 Bg6 6. Nge2 c5 7. h4 h5 8. Nf4 Nc6
9. Nxg6 fxg6 10. Be3 hxg4 11. Qxg4 Qd7 12. Qxg6+ Qf7 13. Qxf7+ Kxf7 14. O-O-O
cxd4 15. Bxd4 Be7 16. h5 Bg5+ 17. Kb1 a6 18. Ne2 Nge7 19. f4 Bh6 20. Bh3 Rhe8
21. Be3 Rad8 22. Rhf1 Nf5 23. Bxf5 exf5 24. Bc5 g6 25. hxg6+ Kxg6 26. Nc3 d4
27. Ne2 Rd5 28. Bxd4 Red8 29. c3 Kf7 30. Kc2 b5 31. a3 a5 32. Bb6 Rxd1 33. Rxd1
Rxd1 34. Kxd1 Ke6 35. Kc2 a4 36. Kd3 Kd5 37. Be3 Ne7 38. Nd4 Ng6 39. Ne2 Nh4
40. Nd4 Ng6 41. e6 Ne7 42. Nxb5 Kxe6 43. c4 Nc6 44. Nc3 1-0

[Event "ENCI Limburg-open B"]
[Site "Maastricht"]
[Date "2012.05.27"]
[Round "5"]
[White "De Ridder, Naomi"]
[Black "Pirard, Natan"]
[Result "1-0"]
[WhiteElo "1747"]
[BlackElo "1748"]
[PlyCount "67"]
[EventDate "2012.05.25"]
[EventType "swiss"]
[EventRounds "7"]
[EventCountry "NED"]
[Source "P.Boonen"]
[SourceDate "2013.01.01"]

1. e4 c5 2. Nf3 Nc6 3. d4 cxd4 4. Nxd4 g6 5. Be3 Bg7 6. Bc4 d6 7. Nc3 Nf6 8. f3
O-O 9. Qd2 Bd7 10. O-O-O Rc8 11. Bb3 Nxd4 12. Bxd4 b5 13. Bxa7 b4 14. Nd5 Nxd5
15. exd5 Qa5 16. Be3 Bc3 17. Qd3 Bb5 18. Qe4 Bg7 19. Kb1 Ba4 20. Qd3 Bb5 21.
Qe4 Rc7 22. Bd2 Ba4 23. Qxb4 Qxb4 24. Bxb4 Bxb3 25. cxb3 Rb8 26. Bd2 Rb5 27.
Be3 f5 28. Rd3 Kf7 29. a4 Rb8 30. Rc1 Rcb7 31. Ka2 e5 32. dxe6+ Kxe6 33. Rc6
Rd8 34. Bb6 1-0

[Event "ENCI Limburg-open B"]
[Site "Maastricht"]
[Date "2012.05.27"]
[Round "5"]
[White "Dorr, Yannick"]
[Black "Bondarchuk, Vadim"]
[Result "0-1"]
[WhiteElo "1902"]
[BlackElo "1985"]
[PlyCount "132"]
[EventDate "2012.05.25"]
[EventType "swiss"]
[EventRounds "7"]
[EventCountry "NED"]
[Source "P.Boonen"]
[SourceDate "2013.01.01"]

1. e4 e5 2. Nf3 Nf6 3. Nxe5 d6 4. Nf3 Nxe4 5. Qe2 Qe7 6. d3 Nf6 7. Bg5 Be6 8.
Nc3 h6 9. Bd2 Nc6 10. O-O-O O-O-O 11. h3 g6 12. g3 Bg7 13. Bg2 Qd7 14. d4 Rde8
15. Be3 Bd5 16. Qb5 a6 17. Qa4 Re7 18. Ne1 Bxg2 19. Nxg2 d5 20. Nf4 Na7 21. Qb3
c6 22. Nd3 h5 23. Qb6 Nb5 24. Nxb5 axb5 25. Qa7 Qc7 26. g4 Qb8 27. Qc5 Rhe8 28.
Qa3 b6 29. Ne5 Qb7 30. Bg5 Re6 31. f4 Bf8 32. Qf3 Ne4 33. Bh4 hxg4 34. hxg4 Rd6
35. Rd3 Bg7 36. Rf1 Rh8 37. Bg3 Rdd8 38. g5 Nd6 39. Rc3 Bxe5 40. fxe5 Nf5 41.
Qg4 Qd7 42. Qf4 Qe6 43. Rb3 Kb7 44. Qd2 Ra8 45. Kb1 Ra4 46. Bf2 Rh2 47. Qf4 Rh8
48. Qd2 Qc8 49. Qf4 Qd7 50. Qd2 Qe7 51. Rd1 Rh5 52. Rg1 Ra8 53. Rf3 Rah8 54.
Be3 Rh2 55. Rf2 R2h3 56. Bf4 R8h4 57. Rgf1 Rh8 58. Rg1 Ng7 59. Rgf1 Rh1 60. Bh2
R8xh2 61. Qe2 Rxf1+ 62. Qxf1 Rxf2 63. Qxf2 Nf5 64. Qf4 Qe8 65. a3 Qh8 66. Ka2
Qh4 0-1

[Event "ENCI Limburg-open B"]
[Site "Maastricht"]
[Date "2012.05.27"]
[Round "5"]
[White "Esser, Thomas"]
[Black "Zegstroo, Martin"]
[Result "1-0"]
[WhiteElo "1985"]
[BlackElo "1891"]
[PlyCount "75"]
[EventDate "2012.05.25"]
[EventType "swiss"]
[EventRounds "7"]
[EventCountry "NED"]
[Source "P.Boonen"]
[SourceDate "2013.01.01"]

1. e4 e5 2. Nf3 Nc6 3. Bc4 Nf6 4. Ng5 d5 5. exd5 Na5 6. d3 Nxc4 7. dxc4 Bc5 8.
Nc3 Bf5 9. O-O h6 10. Nf3 e4 11. Nd2 O-O 12. Nb3 Bd6 13. f3 exf3 14. Qxf3 Bxh2+
15. Kxh2 Ng4+ 16. Kg1 Qd6 17. Qf4 g6 18. Qxd6 cxd6 19. Nd4 Bd7 20. Ncb5 Bxb5
21. Nxb5 Rfd8 22. Bd2 a6 23. Nd4 Rac8 24. b3 b5 25. cxb5 axb5 26. Nc6 Re8 27.
Rfe1 Kh7 28. a4 bxa4 29. bxa4 Nf6 30. c4 Ne4 31. Bb4 f5 32. a5 Ra8 33. a6 h5
34. a7 Rec8 35. Rxe4 fxe4 36. Bxd6 Re8 37. Be7 Kg7 38. d6 1-0

[Event "ENCI Limburg-open B"]
[Site "Maastricht"]
[Date "2012.05.27"]
[Round "5"]
[White "Gerlagh, Joris"]
[Black "Sanders, Catheleijne"]
[Result "1/2-1/2"]
[WhiteElo "1777"]
[BlackElo "1775"]
[PlyCount "93"]
[EventDate "2012.05.25"]
[EventType "swiss"]
[EventRounds "7"]
[EventCountry "NED"]
[Source "P.Boonen"]
[SourceDate "2013.01.01"]

1. d4 d5 2. c4 c6 3. Nc3 Nf6 4. Nf3 e6 5. Bf4 dxc4 6. e4 b5 7. Bg5 h6 8. Bxf6
Qxf6 9. g3 Bb7 10. Bg2 Nd7 11. O-O Bb4 12. Nh4 O-O 13. e5 Qd8 14. f4 Be7 15.
Nxb5 cxb5 16. Bxb7 Rb8 17. Be4 Bxh4 18. gxh4 Qxh4 19. Qf3 Rfd8 20. Rad1 Nb6 21.
Kh1 Nd5 22. f5 Rd7 23. Rg1 Rbd8 24. Rg4 Qxg4 25. Qxg4 Ne3 26. Qg1 Nxd1 27. f6
Nf2+ 28. Qxf2 Rxd4 29. Bf3 Rd2 30. Qg3 g6 31. Qf4 Kh7 32. Qe3 Rxb2 33. Qxa7 Kg8
34. Qe7 Rbd2 35. Be4 R2d7 36. Qc5 Rd2 37. Qxb5 Re2 38. Qb1 Rdd2 39. Bf3 Rb2 40.
Qd1 Red2 41. Qc1 c3 42. a4 Rf2 43. Kg1 Rfd2 44. a5 c2 45. Qxb2 Rd1+ 46. Kg2
c1=Q 47. Qb8+ 1/2-1/2

[Event "ENCI Limburg-open B"]
[Site "Maastricht"]
[Date "2012.05.27"]
[Round "5"]
[White "Gunther, Marcella"]
[Black "Yue, Tim"]
[Result "0-1"]
[WhiteElo "1937"]
[BlackElo "1931"]
[PlyCount "78"]
[EventDate "2012.05.25"]
[EventType "swiss"]
[EventRounds "7"]
[EventCountry "NED"]
[Source "P.Boonen"]
[SourceDate "2013.01.01"]

1. e4 e5 2. Nf3 Nc6 3. d4 exd4 4. Nxd4 Bc5 5. Be3 Qf6 6. c3 Nge7 7. Bc4 O-O 8.
O-O a6 9. f4 d6 10. Kh1 Re8 11. f5 Ne5 12. Be2 d5 13. Nd2 b5 14. exd5 Nxd5 15.
Ne4 Qh4 16. Nxc5 Nxe3 17. Qe1 Qe7 18. Bf3 Nxf1 19. Bxa8 Qxc5 20. Qxf1 Bxf5 21.
Qxf5 Rxa8 22. Re1 Re8 23. Nf3 f6 24. h3 Qc6 25. Nxe5 Qd5 26. Re4 fxe5 27. Rh4
g6 28. Rg4 Qxa2 29. c4 Qxc4 30. h4 e4 31. h5 Qe6 32. Qf4 e3 33. hxg6 hxg6 34.
Qg3 Kg7 35. Qxc7+ Qe7 36. Qc3+ Qe5 37. Qc6 Re6 38. Qb7+ Re7 39. Qc6 Qh5+ 0-1

[Event "ENCI Limburg-open B"]
[Site "Maastricht"]
[Date "2012.05.27"]
[Round "5"]
[White "Heijenrath, Jan"]
[Black "Tuerlinckx, Ben"]
[Result "1/2-1/2"]
[WhiteElo "1759"]
[BlackElo "1958"]
[PlyCount "155"]
[EventDate "2012.05.25"]
[EventType "swiss"]
[EventRounds "7"]
[EventCountry "NED"]
[Source "P.Boonen"]
[SourceDate "2013.01.01"]

1. d4 c5 2. e3 Nf6 3. Bd3 b6 4. Nf3 Bb7 5. Nbd2 e6 6. O-O Be7 7. Re1 O-O 8. e4
cxd4 9. Nxd4 d6 10. Qe2 Nbd7 11. b3 Ne5 12. Bb2 Rc8 13. Rac1 Nxd3 14. cxd3 Ba6
15. Nc6 Qd7 16. Nxe7+ Qxe7 17. Qf3 Rfd8 18. h4 Ne8 19. Qg3 d5 20. Rxc8 Bxc8 21.
h5 h6 22. Rc1 Ba6 23. Nf3 dxe4 24. Ne5 Bb7 25. dxe4 Bxe4 26. Qf4 Bd5 27. Ba3
Qf6 28. Qg3 Qg5 29. Qxg5 hxg5 30. Be7 Ra8 31. f3 f6 32. Nd3 Kf7 33. Ba3 Rd8 34.
Rc3 Bb7 35. Kf2 Rc8 36. Rxc8 Bxc8 37. g4 Nc7 38. Ke3 Bb7 39. Bd6 Nd5+ 40. Kf2
a5 41. Ba3 Nc3 42. Nc1 Ba6 43. Bd6 Nd5 44. Ba3 g6 45. h6 Kg8 46. Bd6 Kh7 47.
Bf8 Kg8 48. Bd6 f5 49. Be5 Kh7 50. Bg7 Ne7 51. Bf6 Ng8 52. Bxg5 Nxh6 53. gxf5
gxf5 54. Bd8 Bb5 55. a4 Bc6 56. Bxb6 Kg6 57. Bxa5 e5 58. Nd3 Kf6 59. Bc3 Nf7
60. f4 Bd5 61. b4 Bc4 62. Nxe5 Nxe5 63. Bxe5+ Ke6 64. Ke3 Kd5 65. Kd2 Bb3 66.
a5 Bc4 67. Kc3 Bb5 68. Kb3 Kc6 69. Bg7 Kd5 70. Kc3 Ba6 71. Be5 Bb5 72. Bb8 Ba6
73. Be5 Bb5 74. Bg7 Ke4 75. Be5 Kd5 76. Bc7 Ke4 77. Kb3 Kd5 78. Kc3 1/2-1/2

[Event "ENCI Limburg-open B"]
[Site "Maastricht"]
[Date "2012.05.27"]
[Round "5"]
[White "Henrotte, Nils"]
[Black "Senders, Justin"]
[Result "1-0"]
[WhiteElo "1969"]
[BlackElo "1902"]
[PlyCount "65"]
[EventDate "2012.05.25"]
[EventType "swiss"]
[EventRounds "7"]
[EventCountry "NED"]
[Source "P.Boonen"]
[SourceDate "2013.01.01"]

1. d4 Nf6 2. Bf4 g6 3. Nf3 Bg7 4. h3 O-O 5. Nbd2 d6 6. e3 Re8 7. Be2 Nbd7 8.
Bh2 e5 9. O-O Qe7 10. dxe5 dxe5 11. c3 b6 12. a4 Bb7 13. a5 Rad8 14. Qc2 e4 15.
Nd4 Ne5 16. axb6 axb6 17. Ra7 c5 18. Bxe5 Qxe5 19. Rxb7 cxd4 20. cxd4 Qg5 21.
Bc4 Nd5 22. Bxd5 Qxd5 23. Rxb6 Rc8 24. Qb3 Qf5 25. Nc4 Bf8 26. Rb5 Qf6 27. Ne5
Bd6 28. Rb6 Rxe5 29. dxe5 Qxe5 30. g3 Bc7 31. Rb5 Qf6 32. Qc3 Qf3 33. Rc5 1-0

[Event "ENCI Limburg-open B"]
[Site "Maastricht"]
[Date "2012.05.27"]
[Round "5"]
[White "Hogerhorst, Tony"]
[Black "Billot, Daniel"]
[Result "0-1"]
[WhiteElo "1950"]
[BlackElo "1711"]
[PlyCount "48"]
[EventDate "2012.05.25"]
[EventType "swiss"]
[EventRounds "7"]
[EventCountry "NED"]
[Source "P.Boonen"]
[SourceDate "2013.01.01"]

1. e4 d5 2. exd5 Qxd5 3. Nc3 Qd6 4. d4 Nf6 5. Bd3 a6 6. Nge2 Bg4 7. f3 Bh5 8.
Bf4 Qd7 9. Qd2 e6 10. O-O-O Nc6 11. Ne4 Nd5 12. Bg3 Be7 13. c3 O-O 14. Bf2 b5
15. g4 Bg6 16. h4 b4 17. c4 b3 18. axb3 Ndb4 19. Bb1 Na5 20. Qc3 Rfb8 21. h5
Bxe4 22. fxe4 Nbc6 23. Bc2 Nb4 24. Rh3 Na2+ 0-1

[Event "ENCI Limburg-open B"]
[Site "Maastricht"]
[Date "2012.05.27"]
[Round "5"]
[White "Holwijn, Melvin"]
[Black "Coenen, Bert"]
[Result "1-0"]
[WhiteElo "2025"]
[BlackElo "1835"]
[PlyCount "55"]
[EventDate "2012.05.25"]
[EventType "swiss"]
[EventRounds "7"]
[EventCountry "NED"]
[Source "P.Boonen"]
[SourceDate "2013.01.01"]

1. d4 Nf6 2. c4 e6 3. Nf3 b6 4. Bg5 Be7 5. e3 Bb7 6. Nc3 c5 7. Bd3 cxd4 8. exd4
d6 9. O-O Nbd7 10. Qe2 O-O 11. Rad1 Re8 12. Ne4 Nxe4 13. Bxe7 Qxe7 14. Bxe4
Bxe4 15. Qxe4 Nf6 16. Qh4 Rac8 17. b3 Rc7 18. Rfe1 Rec8 19. d5 e5 20. Nxe5 Nxd5
21. Qxe7 Rxe7 22. Rxd5 Rce8 23. Rxd6 f6 24. f4 fxe5 25. Rxe5 Rxe5 26. fxe5 Rxe5
27. Rd8+ Kf7 28. Rd7+ 1-0

[Event "ENCI Limburg-open B"]
[Site "Maastricht"]
[Date "2012.05.27"]
[Round "5"]
[White "Ibrahim, Ashraf"]
[Black "Lecomte, Robin"]
[Result "1-0"]
[WhiteElo "1749"]
[BlackElo "1798"]
[PlyCount "161"]
[EventDate "2012.05.25"]
[EventType "swiss"]
[EventRounds "7"]
[EventCountry "NED"]
[Source "P.Boonen"]
[SourceDate "2013.01.01"]

1. d4 Nf6 2. c4 e6 3. Nc3 Bb4 4. Bg5 h6 5. Bh4 Bxc3+ 6. bxc3 d5 7. f3 c6 8. e3
Nbd7 9. Qc2 dxc4 10. Bxc4 b5 11. Bb3 c5 12. Qd2 Ne4 13. Bxd8 Nxd2 14. Kxd2 Kxd8
15. Ne2 Ke7 16. a4 Ba6 17. axb5 Bxb5 18. c4 Bc6 19. d5 Bb7 20. e4 Nb6 21. Nc3
a5 22. Rhb1 Ba6 23. Rxa5 Rhc8 24. Rba1 Bb7 25. Ra7 Rxa7 26. Rxa7 Rb8 27. Nb5
Nc8 28. Ra5 Ra8 29. Rxa8 Bxa8 30. g3 g6 31. f4 Bb7 32. Nc3 Nb6 33. Na4 Nd7 34.
Kc3 f6 35. Kd3 g5 36. Ke3 e5 37. Nb2 Nb6 38. h4 exf4+ 39. gxf4 gxh4 40. Kf3 Bc8
41. e5 fxe5 42. fxe5 Bf5 43. Kf4 Bc8 44. e6 Bxe6 45. dxe6 Kxe6 46. Nd3 Nxc4 47.
Bxc4+ Kf6 48. Kg4 Kg6 49. Nxc5 h3 50. Kxh3 h5 51. Kh4 Kf6 52. Nd3 Kf5 53. Bd5
Kf6 54. Kxh5 Kg7 55. Kg5 Kh7 56. Nf4 Kg7 57. Nh5+ Kh7 58. Be4+ Kg8 59. Kf6 Kh8
60. Nf4 Kg8 61. Ng6 Kh7 62. Bd5 Kh6 63. Bg8 Kh5 64. Kf5 Kh6 65. Kf6 Kh5 66. Ne5
Kh6 67. Ng4+ Kh5 68. Kf5 Kh4 69. Kf4 Kh5 70. Bh7 Kh4 71. Bg6 Kh3 72. Ne3 Kh4
73. Ng2+ Kh3 74. Kf3 Kh2 75. Kf2 Kh3 76. Bh5 Kh2 77. Bg4 Kh1 78. Kg3 Kg1 79.
Be2 Kh1 80. Nf4 Kg1 81. Nh3+ 1-0

[Event "ENCI Limburg-open B"]
[Site "Maastricht"]
[Date "2012.05.27"]
[Round "5"]
[White "Kuck, Ulrich"]
[Black "Van der Velde, Wytse"]
[Result "1/2-1/2"]
[WhiteElo "1898"]
[BlackElo "1934"]
[PlyCount "43"]
[EventDate "2012.05.25"]
[EventType "swiss"]
[EventRounds "7"]
[EventCountry "NED"]
[Source "P.Boonen"]
[SourceDate "2013.01.01"]

1. e4 e5 2. d4 exd4 3. Nf3 Nc6 4. Bc4 Bc5 5. O-O Nf6 6. e5 d5 7. exf6 dxc4 8.
fxg7 Rg8 9. Bg5 Be7 10. Bxe7 Kxe7 11. Re1+ Be6 12. Re4 Rxg7 13. Nxd4 Ke8 14.
Nc3 Qg5 15. Qf3 Nxd4 16. Rxd4 c6 17. Re1 Rd8 18. Ne4 Qxg2+ 19. Qxg2 Rxg2+ 20.
Kxg2 Rxd4 21. f3 b6 22. Re2 1/2-1/2

[Event "ENCI Limburg-open B"]
[Site "Maastricht"]
[Date "2012.05.27"]
[Round "5"]
[White "Lemmen, Raoul"]
[Black "Drose, Daniela"]
[Result "0-1"]
[WhiteElo "1907"]
[BlackElo "1964"]
[PlyCount "82"]
[EventDate "2012.05.25"]
[EventType "swiss"]
[EventRounds "7"]
[EventCountry "NED"]
[Source "P.Boonen"]
[SourceDate "2013.01.01"]

1. d4 Nf6 2. c4 e6 3. Nc3 d5 4. Bg5 Bb4 5. e3 Nbd7 6. Bd3 c5 7. cxd5 exd5 8.
Nge2 Qa5 9. O-O O-O 10. dxc5 Re8 11. Rc1 Bxc3 12. Nxc3 Ne4 13. Bxe4 dxe4 14.
Nd5 f6 15. Bh4 Ne5 16. b4 Qd8 17. Bg3 Bg4 18. f3 exf3 19. gxf3 Be6 20. e4 Rc8
21. a4 Qd7 22. Nf4 Qxd1 23. Rcxd1 Bb3 24. Ra1 Rcd8 25. Kg2 Rd4 26. Ra3 Bf7 27.
Nd5 Bxd5 28. exd5 Rxd5 29. Re3 Red8 30. Bxe5 Rxe5 31. Rxe5 fxe5 32. Re1 Rd5 33.
Re4 Kf7 34. Kg3 Kf6 35. Kg4 g5 36. Kh5 Rd3 37. Kg4 h5+ 38. Kg3 g4 39. Rc4 Rxf3+
40. Kg2 Rf4 41. c6 Rxc4 0-1

[Event "ENCI Limburg-open B"]
[Site "Maastricht"]
[Date "2012.05.27"]
[Round "5"]
[White "Loose, Rob"]
[Black "Sterck, Arno"]
[Result "1-0"]
[WhiteElo "1970"]
[BlackElo "1811"]
[PlyCount "21"]
[EventDate "2012.05.25"]
[EventType "swiss"]
[EventRounds "7"]
[EventCountry "NED"]
[Source "P.Boonen"]
[SourceDate "2013.01.01"]

1. e4 e5 2. Nf3 Nc6 3. Bb5 a6 4. Ba4 d6 5. O-O Bg4 6. h3 h5 7. d4 b5 8. Bb3
Nxd4 9. hxg4 hxg4 10. Ng5 Nxb3 11. Qd5 1-0

[Event "ENCI Limburg-open B"]
[Site "Maastricht"]
[Date "2012.05.27"]
[Round "5"]
[White "Marinc, Damir"]
[Black "Blijlevens, Pim"]
[Result "1-0"]
[WhiteElo "2012"]
[BlackElo "1920"]
[PlyCount "65"]
[EventDate "2012.05.25"]
[EventType "swiss"]
[EventRounds "7"]
[EventCountry "NED"]
[Source "P.Boonen"]
[SourceDate "2013.01.01"]

1. b3 d5 2. Bb2 c5 3. e3 Nf6 4. f4 Nc6 5. Nf3 e6 6. Bb5 Bd7 7. O-O a6 8. Bxc6
Bxc6 9. Ne5 Qc7 10. d3 Be7 11. Nd2 O-O 12. Ndf3 Nd7 13. Nxd7 Bxd7 14. Ne5 f6
15. Qg4 Bd6 16. Nxd7 Qxd7 17. Rf3 b5 18. Rh3 Rac8 19. Qh4 h6 20. c4 dxc4 21.
dxc4 Qf7 22. Qg4 Kh7 23. Qe2 Rfd8 24. cxb5 axb5 25. Qxb5 e5 26. fxe5 Bxe5 27.
Bxe5 fxe5 28. Rf1 Qd5 29. Rg3 Ra8 30. Qe2 Rd7 31. h3 Qd2 32. Qg4 Qd6 33. Qe4+
1-0